00890nam a22002537i 4500003000900000005001700009007000300026008004100029020001500070040003000085041000800115082002700123100004200150245005500192250003000247264008600277300006200363336002700425337003300452338002800485500002100513650003700534651006500571DO-SdBNP20260305073952.0ta240613e2000 dr abcdgri||| 001 jdspa d a843997681X aDO-SdBNPbspacBNPHUerda aspa 4a972.93bM938m 20002221 aMoya Pons, Frank,d1944-eautor4aut.10aManual de historia dominicana /cFrank Moya Pons. aDécimasegunda edición 4aSanto Domingo, República Dominicana : bEditora Corripio, C. por A., c©2000. a733 páginas :bilustraciones, mapas, retratos ;c21 cm. 2rdacontentatextobtxt asin mediaciónbn2rdamedia avolumenbnc2rdacarrier aIncluye índice 4aRepública DominicanaxHistoria 4aIsla Hispañola (Haití y República Dominica)xHistoria